LEADER 01130nam a2200277 i 4500 001 000000213949 003 CaOOAMICUS 005 20120615000000.0 008 120615s2012 it u000 u ita u 013 $a192804 020 $a978-88-399-0459-1 040 $aSeMil$bita 100 1 $aJeanrond, Werner G.$0(OLS)http://semarc/name/20532 245 10$aTeologia dell'amore /$cWerner G. Jeanrond. 260 $aBrescia :$bQueriniana,$c2012. 300 $a317 p. ;$c23 cm. 490 0 $aBiblioteca di teologia contemporanea ;$v159 650 4$aAmore - Teologia.$0(OLS)http://semarc/subject/7617 650 4$aAmore - Concezione cristiana.$0(OLS)http://semarc/subject/2285 830 0$aBiblioteca di teologia contemporanea ;$v159.$0(OLS)http://semarc/title/14 850 $aSeMil 852 $aSeMil$W1$xVenegono$y1$m2BA M 159$j164377$B164377$CSeMilBibl$Z2$F175392 $81 961 $aSottoscrizione: Queriniana 996 $6020$a978-88-399-0459-1$9(OLS)http://semarc/number/210080 996 $6245$aTeologia dell'amore$9(OLS)http://semarc/title/261853 996 $6260$aBrescia :$bQueriniana$9(OLS)http://semarc/publisher/29615 LEADER 01384nam a2200241 i 4500 001 000000090328 003 CaOOAMICUS 005 20230329143417.0 008 160215s1824 it u000 u ita u 026 $ae:c- n-08 ESNT Fopa (7) 1824 (R) 040 $aSeMil$bita 100 1 $aFerruzzi, Michele,$d.$0(OLS)http://semarc/name/40607 245 10$aCompendio della vita di monsignor Vincenzo Maria Strambi già vescovo di Macerata dal professore ... Michele Ferruzzi e nella versioni italiana corredato di copiose note dal canonico ... Pietro Rudoni. 260 $aMilano :$bDalla Tipografia Manini,$c1824. 300 $a98, [2] p., [1] carta di tav. :$britr. ;$c8º. 600 14$aStrambi, Vincenzo Maria .$0(OLS)http://semarc/subject/5830 700 1 $aRudoni, Pietro.$0(OLS)http://semarc/name/8357 700 1 $aManini,$c.$0(OLS)http://semarc/name/2935 850 $aSeMil 852 $aSeMil$W1$xVenegono$y1$m3J V 54 FA$j53296$B53296$CSeMilBibl$Z2$F57929 $8I 996 $6245$aCompendio della vita di monsignor Vincenzo Maria Strambi già vescovo di Macerata dal professore ... Michele Ferruzzi e nella versioni italiana corredato di copiose note dal canonico ... Pietro Rudoni$9(OLS)http://semarc/title/136264 996 $6260$aMilano :$bDalla Tipografia Manini$9(OLS)http://semarc/publisher/43577